000
00254nam a22001097a 4500
082
_a
621.902 ROD'D
100
_a
RODIN, P
_9
79399
245
_a
DESIGN AND PRODUCTION OF METAL CUTTING TOOLS
260
_a
MOSCOW
_b
MIR
_c
1968
300
_a
301P
942
_c
BK
999
_c
584442
_d
584442